| 000 | 00999nam a2200265Ia 4500 | ||
|---|---|---|---|
| 003 | GCL | ||
| 008 | 140319s9999 xx 000 0 ara d | ||
| 040 |
_aGCL / _cGCL |
||
| 082 | 0 | 4 |
_a953.02 _bع ج |
| 100 | 1 | _aسامى الصقار | |
| 245 | 1 | 0 |
_aالجزيرة العربية فى عصر الرسول(صلى الله عليه وسلم) والخلفاء الراشدين / _cسامى الصقار |
| 700 | 1 | _aعبدالقادر محمود عبدالله | |
| 250 | _aالاولى | ||
| 260 |
_aالرياض : _bجامعة الملك سعود ، _c1989 |
||
| 300 |
_a2 مج ؛ _c30 سم |
||
| 490 |
_aدراسات تاريخ الجزيرة العربية _v3 |
||
| 650 | 0 | 4 | _aشبه الجزيرة العربية |
| 650 | 0 | 4 | _aالتاريخ الاسلامى |
| 650 | 0 | 4 | _aعمر بن الخطاب |
| 650 | 0 | 4 | _aعثمان بن عفان |
| 650 | 0 | 4 | _aالخلفاء الراشدون |
| 650 | 0 | 4 | _aعلى بن ابى طالب |
| 650 | 0 | 4 | _aابوبكرالصديق |
| 942 |
_2ddc _cBK |
||
| 999 |
_c42549 _d42549 |
||